Comarcas de Galicia - Estadísticas

Estadísticas generales
  • Esta prueba ha sido intentada 1.627 veces
  • La puntuación promedio es 30 de 53
Respuestas en el mapa
Las respuestas están codificadas por una escala verde-roja en el mapa de la prueba según el % correcto abajo.
 
Estadísticas de respuestas
Comarcas % Correcto
A Coruña
96%
Lugo
93%
Vigo
93%
Ourense
91%
Pontevedra
90%
Santiago
89%
Ferrol
88%
Terra Chá
74%
Noia
69%
Fisterra
68%
Muros
67%
Betanzos
64%
Bergantiños
63%
O Morrazo
63%
O Salnés
61%
Valdeorras
61%
Verín
61%
O Barbanza
60%
Mariña Central
59%
Mariña Occidental
59%
Mariña Oriental
59%
A Limia
57%
O Sar
57%
Arzúa
56%
O Baixo Miño
56%
Terra de Lemos
56%
Deza
55%
A Fonsagrada
54%
Terra de Melide
54%
O Eume
53%
Ordes
52%
Baixa Limia
50%
Os Ancares
50%
Allariz-Maceda
49%
Chantada
48%
Ortegal
47%
Sarria
47%
O Carballiño
45%
Quiroga
42%
Terra de Celanova
42%
A Ulloa
41%
O Xallas
41%
Tabeirós-Terra de Montes
41%
Caldas
40%
Terra de Trives
40%
Terra de Soneira
39%
O Condado
38%
A Paradanta
37%
Meira
36%
O Ribeiro
35%
Viana
35%
A Barcala
29%
Terra de Caldelas
29%
No se encontraron pruebas coincidentes
Distribución de puntuación
Porcentaje de gente con cada puntuación
Porcentaje por número respondido
Historial de tus puntuaciones
No has intentado esta prueba.